=LDR 00000nam 2200000 4500 =001 INLIS000000000810216 =005 20251116101834 =035 ##$$a 0010-1125000070 =245 ##$$a Al-Mu'jam al-Mufahras li Alfazh al-Qur'an al-Karim /$c Muhammad Fuad ‘Abd al-Baqi =300 ##$$a 1060 ; $c 24 cm =260 ##$$a lebanon :$b Dar al-Ma’rifah,$c 2010 =082 ##$$a R 297.211 =084 ##$$a R 297.211 ABD a =008 251116###########################0###### =990 ##$$a 00000004727 =990 ##$$a 00000004728 =990 ##$$a 00000004729